Chránime tradičné špeciality tipy a recepty
Na minha lista:
| Autor Corporativo: | |
|---|---|
| Formato: | Livro |
| Idioma: | eslovaco |
| Publicado em: |
[Bratislava]
Zum Zum production
2023
|
| Edição: | 1. vydanie |
| Assuntos: | |
| Tags: |
Sem tags, seja o primeiro a adicionar uma tag!
|
MARC
| LEADER | 00000nam a2200000 4500 | ||
|---|---|---|---|
| 001 | 0299879 | ||
| 005 | 20240410075511.7 | ||
| 020 | |a 978-92-68-04192-5 | ||
| 020 | |a 978-92-68-04191-8 | ||
| 041 | 0 | |a slo | |
| 044 | |a SK | ||
| 245 | 1 | 0 | |a Chránime tradičné špeciality |b tipy a recepty |
| 250 | |a 1. vydanie | ||
| 264 | 1 | |a [Bratislava] |b Zum Zum production |c 2023 | |
| 300 | |a 47 s. | ||
| 610 | 2 | 0 | |a tovaroznalectvo |
| 610 | 2 | 0 | |a potraviny |
| 610 | 2 | 0 | |a bezpečnosť potravinová |
| 610 | 2 | 0 | |a ochrana spotrebiteľa |
| 610 | 2 | 0 | |a výrobky tradičné |
| 610 | 2 | 0 | |a označovanie tovarov |
| 610 | 2 | 0 | |a certifikácia |
| 610 | 2 | 0 | |a známky ochranné |
| 610 | 2 | 0 | |a značky kvality |
| 610 | 2 | 0 | |a značky výrobkov |
| 710 | 2 | |a Zastúpenie Európskej komisie v Slovenskej republike | |